Загрузка...
Men in love /
| Главный автор: | |
|---|---|
| Формат: | Printed Book |
| Язык: | English |
| Опубликовано: |
London :
Arrow Books,
1980.
|
| LEADER | 00433nam a2200133Ia 4500 | ||
|---|---|---|---|
| 008 | 150624b xxu||||| |||| 00| 0 eng d | ||
| 082 | |a 157.783 | ||
| 100 | |a Friday, Nancy | ||
| 245 | |a Men in love / |c Nancy Friday | ||
| 260 | |a London : |b Arrow Books, |c 1980. | ||
| 300 | |a 527 p. | ||
| 942 | |c BK | ||
| 999 | |c 43590 |d 43590 | ||
| 952 | |0 1 |1 0 |4 0 |6 157_783000000000000_FRI_M |7 0 |9 43582 |a UL |b UL |c ST1 |d 1998-08-28 |l 0 |o 157.783 FRI/M |p 63776 |r 2012-10-27 |w 2012-10-27 |y BK | ||